| Tag |
First Indicator |
Second Indicator |
Subfields |
| LEADER |
00000cam a2200000 i 4500 |
| 001 |
in00001055921 |
| 005 |
20150929091401.0 |
| 008 |
780830s1970 txua b s00010 eng d |
| 035 |
|
|
|a (OCoLC)04178270
|
| 035 |
|
|
|9 AFL4889AM
|
| 040 |
|
|
|a IKM
|c IKM
|d UtOrBLW
|
| 049 |
|
|
|a IKMd [ ] [ ] [ ] [ ] [ ] [ ] [7711010]
|
| 099 |
|
|
|a P400.8
|a C165
|
| 100 |
1 |
|
|a Leifeste, Tim.
|
| 245 |
1 |
0 |
|a Canoeing basics /
|c by Tim Leifeste.
|
| 264 |
|
1 |
|a [Austin] :
|b [Texas Parks and Wildlife Department],
|c [between 1970 and 1979?]
|
| 300 |
|
|
|a 4 unnumbered pages :
|b illustrations ;
|c 28 cm.
|
| 336 |
|
|
|a text
|b txt
|2 rdacontent
|
| 337 |
|
|
|a unmediated
|b n
|2 rdamedia
|
| 338 |
|
|
|a volume
|b nc
|2 rdacarrier
|
| 500 |
|
|
|a Caption title.
|
| 504 |
|
|
|a Bibliography: page [4].
|
| 650 |
|
0 |
|a Canoes and canoeing.
|
| 710 |
1 |
|
|a Texas.
|b Parks and Wildlife Department.
|
| 999 |
|
|
|a MARS
|
| 999 |
f |
f |
|s aa02cae1-7fbe-3ebf-80a1-b8b242789c03
|i 8a19a417-c0ec-3021-962c-71b76ce85997
|t 0
|
| 952 |
f |
f |
|p normal
|a Texas A&M University
|b College Station
|c Sterling C. Evans Library
|d Evans: Texas Documents (Annex 5th floor)
|t 0
|e P400.8 C165
|h Superintendent of Documents classification
|i unmediated -- volume
|m A14838633575
|
| 998 |
f |
f |
|a P400.8 C165
|t 0
|l Evans: Texas Documents (Annex 5th floor)
|